Quiz o postaciach z horroru - Statystyki

Ogólne statystyki
  • Ten quiz został rozwiązany 92 razy
  • Średni wynik to 6 z 12
Statystyki odpowiedzi
Hint Odpowiedź % Poprawnych
To (IT) Pennywise
85%
Krzyk Ghostface
81%
Piątek trzynastego od 2 części Jason
73%
Piła Jigsaw
72%
Zakonnica Valak
63%
Teksańska maskara piłą mechaniczną Leatherface
58%
Koszmar z ulicy wiązów Freddy Kruger
51%
Halloween Micheal myers
33%
Psychoza Norman bates
28%
Lśnienie Jack torrance
22%
Maskara w Halloween Terrifier
16%
Misery Annie Wilkes
9%
Nie znaleziono quizów pasujących do podanych kryteriów
Rozkład punktacji
Procent ludzi z każdym wynikiem
Percentyl według liczby udzielonych odpowiedzi
Twoja historia wyników
Nie rozwiązałeś tego quizu